00429 2200181 4500001002100000005001500021035002000036245003900056100001700095250000600112300001200118260003100130082001000161084001600171020002200187600002700209990001100236INLIS00000000000119720220105105725 a0010-01220000081 aUntuk Dibaca Saat Kau Lupa Bahagia0 aMulasih Tary a1 a230 hlm aSleman :bChecklist,c2020 a152.4 a152.4 MUL u a978-623-7046-91-2 4aMotivasi ( Psikologi ) a001970